000 00254nam a2200109Ia 4500
005 20251222144645.0
008 251222s9999||||xx |||||||||||||| ||spa||
082 _a230.046/I31
100 _aIdígoras, José Luis
245 0 _aLiberación:
942 _cLIB
999 _c16854
_d16854